Statistiche per Nazioni che contengono due T

Clicka qui per fare il quiz!

Statistiche generali

  • Questo quiz è stato fatto 31 volte
  • Il punteggio medio è 7 su 12

Statistiche sulle risposte

Numero di TStato% Corretto
3Stati Uniti
92%
3Saint Kitts e Nevis
76%
2Lettonia
72%
2Trinidad e Tobago
68%
2Tagikistan
64%
2Turkmenistan
64%
2Saint Vincent e Grenadine
60%
2Emirati Arabi Uniti
52%
3Città del Vaticano
48%
2Liechtenstein
48%
2Egitto
40%
2Timor Est
20%

Distribuzione punteggi

Percentile per numero di risposta

Percentuale di utenti per punteggio

I tuoi punteggi nel tempo

Non hai fatto questo quiz